Statistics for Hack and Slash Video Games

Click here to take the quiz!

General Stats

  • This quiz has been taken 13 times
  • The average score is 7 of 16

Answer Stats

Answer% Correct
God of War
100%
Devil May Cry 3: Dante's Awakening
91%
Prince of Persia: Warrior Within
82%
Bayonetta
73%
Metal Gear Rising: Revengeance
64%
Lollipop Chainsaw
55%
Berserk and the Band of the Hawk
36%
No More Heroes
36%
Dante's Inferno
27%
Hi-Fi Rush
27%
Hyrule Warriors: Age of Calamity
27%
Nier
18%
Blades of Time
9%
Chaos Legion
9%
Killer Is Dead
9%
Severance: Blade of Darkness
9%

Score Distribution

Percentile by Number Answered

Percent of People with Each Score

Your Score History

You have not taken this quiz